000 00595nam a2200193Ia 4500
003 LDD
008 181029s9999 xx 000 0 und d
020 _a415910781
_cP 17.95
040 _cLDD
100 _aDaniels, Robert V.
245 4 _aThe fourth revolution
_btransformation in american society from the sixities to t
_cRobert V. Daniels
260 _aNew York
_bRoutledge
_c2006
300 _axiii, 275p
365 _bP 17.95
901 _a4008
_b06-12-2007
902 _a11336
_b27-12-2007
_cF
_dOP
_e32
903 _aDiscount-15
_bReqst by : Anurag Joshi
942 _2ddc
_cBK
999 _c79373
_d79373